000 00319 a2200109 4500
001 ART_31271
005 20260410161840.0
008 260409a
245 1 0 _aLibertad, regulación y razones para regular
100 1 _aSacristán, Estela B.
773 0 _tRAP
_g- Año 36, Nº 421 (oct. 2013)
_wREV5941
999 _c24008
_d24008